Barcelona Metro Stations Quiz Stats

 Plays Quiz not verified by Sporcle

Support Sporcle.
Go Orange.
Score 0/168 Timer 20:00
0 Plays Today
Línea Estació % Correct
L6 (FGC)Plaça Catalunya
83.8%
L7 (FGC)Plaça Catalunya
83.8%
L2Sagrada Família
83.6%
L5Sagrada Família
83.6%
L2Passeig de Gràcia
82.2%
L3Passeig de Gràcia
82.2%
L4Passeig de Gràcia
82.2%
L1Catalunya
79.3%
L3Catalunya
79.3%
L4Besòs Mar
79.2%
L4Selva de Mar
79.1%
L8 (FGC)Plaça Espanya
78.7%
L4Barceloneta
78.4%
L3Diagonal
77.8%
L5Diagonal
77.8%
L1Universitat
76.3%
L2Universitat
76.3%
L1Espanya
75.1%
L3Espanya
75.1%
L1Plaça de Sants
74.2%
L5Plaça de Sants
74.2%
L6 (FGC)Gràcia
72.1%
L7 (FGC)Gràcia
72.1%
L2Paral·lel
70.9%
L3Paral·lel
70.9%
L1Clot
70%
L2Clot
70%
L3Sants Estació
68.2%
L5Sants Estació
68.2%
L1Marina
67.2%
L3Zona Universitaria
66.5%
L1La Sagrera
66.2%
L5La Sagrera
66.2%
L9La Sagrera
66.2%
L10La Sagrera
66.2%
L3Tarragona
65.9%
L1Arc de Triomf
65.7%
L3Maria Cristina
64.9%
L3Trinitat Nova
64.9%
L4Trinitat Nova
64.9%
L11Trinitat Nova
64.9%
L1Fondo
63.9%
L2La Pau
63.9%
L4Girona
63.9%
L4La Pau
63.9%
L9Fondo
63.9%
L3Les Corts
63.8%
L5Hospital Clínic
63.8%
L3Fontana
62.3%
L2Sant Antoni
61.6%
L2Monumental
61.1%
L1Rocafort
60.8%
L5Sant Pau / Dos de Maig
60.3%
L2Sant Roc
59.1%
L4Ciutadella / Vila Olímpica
58.2%
L1Urgell
57.2%
Línea Estació % Correct
L1Hospital de Bellvitge
57%
L5Horta
56.6%
L6 (FGC)Provença
56.1%
L7 (FGC)Provença
56.1%
L1Sant Andreu
56%
L2Gorg
54.8%
L10Gorg
54.8%
L1Bellvitge
54.4%
L6 (FGC)Sarrià
54.4%
L3Poble Sec
53.8%
L5El Carmel
53.2%
L3Liceu
53%
L1Florida
52.9%
L4Guinardó / Hospital de Sant Pau
52%
L1Santa Eulàlia
51.7%
L3Plaça del Centre
51.2%
L6 (FGC)Sant Gervasi
50.6%
L4Poblenou
49.6%
L6 (FGC)Les Tres Torres
49.4%
L4Alfons X
48.9%
L1Navas
48.7%
L7 (FGC)Pàdua
47.7%
L1Hostafrancs
47.5%
L1Rambla Just Oliveras
47.2%
L4Joanic
47.1%
L5El Coll / La Teixonera
47.1%
L4Maragall
46.8%
L5Maragall
46.8%
L2Sant Martí
46.7%
L6 (FGC)La Bonanova
46.6%
L3Palau Reial
46.5%
L5Badal
46.2%
L1Urquinaona
45.7%
L4Urquinaona
45.7%
L1Glòries
45.5%
L1Torrassa
44.9%
L4Jaume I
44.6%
L8 (FGC)Gornal
44.5%
L3Vall d'Hebron
44.4%
L5Vall d'Hebron
44.4%
L1Santa Coloma
44%
L3Vallcarca
43.6%
L3Roquetes
43.4%
L3Drassanes
43.1%
L4Bogatell
43.1%
L1Mercat Nou
41.9%
L1Can Serra
41.8%
L5Cornellà Centre
41.4%
L9Bon Pastor
41.4%
L10Bon Pastor
41.4%
L7 (FGC)Plaça Molina
41%
L4Via Júlia
40.8%
L5Sant Ildefons
40.6%
L3Lesseps
40.5%
L8 (FGC)Sant Boi
40.5%
L5Congrès
40.3%
Línea Estació % Correct
L8 (FGC)Europa | Fira
39.8%
L2Pep Ventura
38.7%
L5Collblanc
38.4%
L9Onze de Setembre
38.3%
L10Onze de Setembre
38.3%
L10La Salut
37.5%
L4Verdaguer
37.3%
L5Verdaguer
37.3%
L8 (FGC)Sant Josep
36.7%
L4Besòs
36.6%
L11Torre Baró - Vallbona
36.6%
L1Torras i Bages
36.4%
L8 (FGC)Ildefons Cerdà
35.7%
L2Artigues-Sant Adrià
34.7%
L5Vilapicina
34.6%
L8 (FGC)Almeda
34.6%
L3Montbau
34.1%
L5Entença
34.1%
L2Tetuan
33.6%
L7 (FGC)Avinguda Tibidabo
33.5%
L3Canyelles
33.2%
L3Valldaura
33.1%
L6 (FGC)Muntaner
32.8%
L2Verneda
32.3%
L8 (FGC)Molí Nou-Ciutat Cooperativa
32.3%
L3Mundet
31.8%
L2Encants
31.7%
L5Gavarra
30.7%
L1Baró de Viver
29.9%
L2Badalona Pompeu Fabra
29.4%
L2Bac de Roda
29.2%
L1Av. Carrilet
28.3%
L4Llacuna
28.3%
L11Casa de l'Aigua
26.9%
L7 (FGC)El Putxet
26.8%
L1Trinitat Vella
26.3%
L5Camp de l'Arpa
26.1%
L8 (FGC)L'Hospitalet-Av. Carrilet
26%
L9Can Zam
25.3%
L4El Maresme / Fòrum
25.2%
L6 (FGC)Reina Elisenda
25%
L1Fabra i Puig
24.9%
L5Can Boixeres
23.2%
L4Llucmajor
23%
L3Penitents
22.6%
L11Ciutat Meridiana
18.3%
L8 (FGC)Magòria-La Campana
17.8%
L11Can Cuiàs
17.8%
L5Can Vidalet
17.2%
L8 (FGC)Cornellà-Riera
16.7%
L9Església Major
15.5%
L5Pubilla Cases
15.1%
L5Virrei Amat
15.1%
L10Llefià
14.4%
L9Singuerlín
11.5%
L9Can Peixauet
11%

You're not logged in!

Compare scores with friends on all Sporcle quizzes.
OR
Log In

From the Vault

30 in 60: Lead Singers

by MSUKent

It's time for your lead-in.
Remove Ads.
Support Sporcle.
Get the best of Sporcle when you Go Orange. This ad-free experience offers more features, more stats, and more fun while also helping to support Sporcle. Thank you for becoming a member.

Show Comments

Extras

Top Quizzes Today


Score Distribution

Your Account Isn't Verified!

In order to create a playlist on Sporcle, you need to verify the email address you used during registration. Go to your Sporcle Settings to finish the process.

Report this User

Report this user for behavior that violates our Community Guidelines.

Details: